00953nam a2200217 a 450000100100000000500170001000800410002702000150006804000250008310000390010824501470014726000720029430000210036649000390038750400320042650400730045870000380053183000440056995201050061399900170071800004391120201002045036.0140508s1997 sp 000 0 spa d a847232768X aDO-SdBNPbspacBNPHU1 aGonzález Ferrín, Emilio97180813aEl Diálogo Euro-Árabe :bla Unión Europea frente al sistema regional Árabe /cEmilio González Ferrín ; prólogo Senén Florensa. aMadrid :bAgencia Española de Cooperación Internacional,c1997. a391 p. ;c25 cm.1 aPolítica Árabe contemporánea aBibliografía : p. 349-390 aIncluye referencias bibliográficas y notas al pie de las páginas12aFlorensa, Seménepról.971809 0aPolítica Árabe contemporanea971810 001050718MOaGRbGRcCTd2014-05-08iLF1l0o p43911-10r2020-06-25w2020-06-25y1ZNo se presta c43400d43400